LEADER 01157nam a2200289 u 4500 001 000000063174 003 CaOOAMICUS 005 20070226121220.0 008 011019s1989 fr u000 u fre u 020 $a2204030848 035 $a10907146 040 $aPUL(R)$bita 245 03$aLe Coran :$btextes choisis en rapport avec La Bible /$créunis traduits et présentés par Jacques Jomier. 260 $aParis :$bCerf,$cc1989. 300 $a87 p. ;$c20 cm 490 1 $aDocuments autour de la Bible 500 $aContiene indice tematico. 630 04$aCorano.$0(OLS)http://pul/subject/9691 700 1 $aJomier, Jacques,$cO.P.$0(OLS)http://pul/name/42914 830 0$aDocuments autour de la Bible.$0(OLS)http://pul/title/84255 850 $aPUL 852 $aPUL$W1$xSL Religione 1$y3$m70 B 88$j82011$nBK-PRI$b $qStampati$B82011$CPULBib$Z2$F82011 $H $81 941 1 $a8 961 $aINV: 74116 996 $6020$a2204030848$9(OLS)http://pul/number/81989 996 $6245$aLe Coran :$btextes choisis en rapport avec La Bible$9(OLS)http://pul/title/84254 996 $6260$aParis :$bCerf$9(OLS)http://pul/publisher/48238 LEADER 00891nam a2200217 u 4500 001 000000086069 003 CaOOAMICUS 005 20070226124244.0 008 050926s1943 it c u000 u ita u 035 $a11059851 040 $aPUL(R)$bita 100 1 $aBevilacqua, Enrico.$0(OLS)http://pul/name/56366 245 10$aFioretti di frate Lino da Parma /$cEnrico Bevilacqua. 260 $aTorino :$bSocietà Editrice Internazionale,$cstampa 1943. 300 $a242 p. :$bill. ;$c20 cm 500 $aRistampa della 2. ed. arricchita e rinnovata. 850 $aPUL 852 $aPUL$W1$xDP1 Fondo Cecchetti$y53$m283 L 37$j109303$nBK-PRI$b $qFondi$B109303$CPULBib$Z2$F109303 $HPUL8019 $81 941 1 $a1 996 $6245$aFioretti di frate Lino da Parma$9(OLS)http://pul/title/111578 996 $6260$aTorino :$bSocietà Editrice Internazionale$9(OLS)http://pul/publisher/48746